01468nam a2200313 a 450000100100000000500170001000800410002702000150006804000250008308200170010810000280012524501340015326000590028730000260034650000620037250000410043450000420047565000250051765000340054265000350057665000400061165000440065170000370069571000420073295201150077495201210088995201270101099900170113700002471120251215115317.0110202s1989 ve r 000 0 spa d a9806110366 aDO-SdBNPbspacBNPHU a320.12bS4821 aSerbin, Andrés93057310aEl Caribe zona de paz? :bgeopolítica, integración y seguridad /cAndrés Serbin ; edición a cargo de Daniel González V. aCaracas, Venezuela :bEditorial Nueva Sociedad,c1989. a188, [1] p. ;c23 cm. aIncluye datos del autor en la solapa de la contracubierta aIncluye referencias bibliográficas aIncluye notas al pie de las páginas 4aGeopolítica918428 4aGeografía política950693 4aPolítica internacional92879 0aOrganización internacional 94204 4aEl caribexPolítica y gobierno9506941 aGonzález V.,Danieleed.9506952 aComisión Sudamericana de Paz950696 001050718MOaGRbGRcHDd2011-02-02iLF1l0o320.12 S482p24711-10r2020-06-25w2020-06-25y1ZNo se presta 001050718MOaGRbGRcHDd2011-02-02iLF1l0o320.12 S482p24711-20r2020-06-25te. 2w2020-06-25y1ZNo se presta 001154708MOaGRbGRcMId2017-05-29iLF1l0o320.12 S482p24711-30r2020-06-25te. 3w2020-06-25y4ZPréstamo en sala c24204d24204